Statistics for Handicapped Marvel Heroes

Click here to take the quiz!

General Stats

  • This quiz has been taken 30 times
  • The average score is 6 of 22

Answer Stats

#HintAnswer% Correct
7BlindDaredevil
81%
13Heart condition (depending on the version)Iron Man
65%
19ParaplegicProfessor X
62%
21Prosthetic armWinter Soldier
62%
11Hard of hearingHawkeye
54%
18Missing an eyeNick Fury
50%
9Deaf (prosthetic leg in some adaptations)Echo
38%
5Prosthetic arm and eyeCable
31%
1Both legs amputatedAgent Venom
23%
6"Paralyses"Cyclops
23%
8Nerve damageDr. Strange
23%
10Prosthetic arm and legForge
19%
3Vision impairmentBlindspot
12%
12Cerebral palsyHornet (Eddie McDonough)
8%
15Both legs amputatedKomodo
8%
17Deaf (in some adaptations)Makkari
8%
20Partial paralysesSilhouette
8%
2BlindBlindfold
4%
4Both legs amputatedBox (Roger Bochs)
4%
14Prosthetic legKarma
4%
16Confined to special suitMajor Victory
4%
22Paraplegic, dyslexicWiz-Kid
4%

Score Distribution

Percentile by Number Answered

Percent of People with Each Score

Your Score History

You have not taken this quiz